| 000 | 01284cad a2200277 4500 | ||
|---|---|---|---|
| 001 | L158664 | ||
| 008 | 110215n2013 000 0 eng u | ||
| 020 | _a9781783210305 | ||
| 035 | _a(Sirsi) u158664 | ||
| 041 | _aeng | ||
| 100 | 1 | _aKoblyakova, Alla | |
| 111 | 2 |
_aConstruction and Building Research Conference _cIIT Delhi, New Delhi _d10-12 September 2013 |
|
| 245 | 0 | 0 |
_aAsymmetries in household mortgage decisions in the UK _h[electronic resource] |
| 260 |
_aLondon _bRICS _c2013 |
||
| 490 | 0 |
_aCOBRA _v2013 |
|
| 520 | _aA paper presented at the COBRA Conference in New Delhi on 10-12 September 2013. Evaluates the role of the economic cycle in household?s mortgage demand and mortgage instrument choice at the regional level by including regional economic information in addition to household?s personal economic, demographic and social information. Utilises British Household Panel Survey (BHPS) data from 2001-08 to analyse household?s mortgage decisions. | ||
| 650 | 2 | 4 | _aCONSTRUCTION AND BUILDING RESEARCH CONFERENCE (COBRA) |
| 650 | 2 | 4 | _aVARIABLE RATE MORTGAGE |
| 650 | 2 | 4 | _aMORTGAGE RATES |
| 650 | 2 | 4 | _aMORTGAGES |
| 651 | 4 | _aUnited Kingdom | |
| 690 |
_aResidential property _96266 |
||
| 700 | 1 | _aTiwari, Piyush | |
| 700 | 1 | _aHutchison, Norman | |
| 942 | _n0 | ||
| 999 |
_c115443 _d115443 |
||